00505nam a2200205Ia 4500003000400000005001700004008004100021020001800062040000700080041000800087082001700095100002000112245004100132260003900173300001700212365001400229650001500243650002300258700001800281OSt20250709125644.0210423s2011 xx 000 0 und d a9781405179522 cAL aeng a070.4 bCHAJ aJane L Chapman  aJournalism todayb: a themed history aChichesterbWiley- Blackwellc2011 axiii,338bPB b2126cINR aJournalism aJournalism & Media aNuttall, Nick